| 000 -LEADER |
| fixed length control field |
00647nam a22000977a 4500 |
| 008 - FIXED-LENGTH DATA ELEMENTS--GENERAL INFORMATION |
| fixed length control field |
160502b xxu||||| |||| 00| 0 eng d |
| 100 ## - MAIN ENTRY--AUTHOR'S NAME |
| Author's Name |
Schmidt-Andersen, J. |
| 245 ## - TITLE STATEMENT |
| Title |
Denmark's first postage stamp : 4 Rigsbank-Skilling |
| Remainder of title |
Danmarks forste frimaerke : FIRE R.B.S. og forholdene omkring en postreforms gennemforelse |
| 260 ## - PUBLICATION, DISTRIBUTION, ETC. (IMPRINT) |
| Place of publication, distribution, etc. |
Kobenhaven |
| Name of publisher, distributor, etc. |
Kobenhavns Philatelist Klub |
| Date of publication, distribution, etc. |
1961 |
| 650 ## - TOPICAL TERM (Tag) |
| Topical term or geographic name |
Denmark | First Issues | 1851 | Definitive Issues | Classic Issues | Imperforate Issues | 19th Century | Production | Engraving | Plates and Plating | Blocks | Errors and Varieties | Printing | Stamps -- Histories | Postal History | Postal Markings | Bibliographies |